000 00407 a2200109 4500
001 ART_39788
005 20260410162012.0
008 260409a
245 1 0 _aEl intercambio de información tributaria internacional para la imposición de los capitales de los residentes en el exterior
100 1 _aArceo, Nicolás
773 0 _tRealidad económica
_g- Nº 229 (jul./ago. 2007)
_wREV39723
999 _c32314
_d32314